Normal view
MARC view
Entry Personal Name
001 - CONTROL NUMBER
- control field: 168297
003 - CONTROL NUMBER IDENTIFIER
- control field: OSt
005 - DATE AND TIME OF LATEST TRANSACTION
- control field: 20220923225010.0
008 - FIXED-LENGTH DATA ELEMENTS
- fixed length control field: 220923|| aca||aabn | a|a d
040 ## - CATALOGING SOURCE
- Original cataloging agency: OSt
- Transcribing agency: OSt
100 ## - HEADING--PERSONAL NAME
- Personal name: गोस्वामी, जतीन्द्र नाथ; सिन्हा, नरेन्द्र, अनु
670 ## - SOURCE DATA FOUND
- Source citation: Work cat.: (OSt)375309: गोस्वामी, जतीन्द्र नाथ; सिन्हा, नरेन्द्र, अनु., हेमचन्द्र बरूआ, 1990
